MDQL
is popping MORE tags! Check the
thread
!
Quizzes
Events
Quiz Creation
Community
Videos
Private Events
Remove Ads
Sign In
Join for FREE
Feedback
Dark Mode
Quiz Categories
Sports
Geography
Music
Movies
Television
Just For Fun
Miscellaneous
History
Literature
Language
Science
Gaming
Entertainment
Religion
Holiday
For Kids
Quiz Lab
Recent
Popular Today
Quiz Kudos Today
Editor Picks
Curator Picks
Quizzes by...
Day
Popularity
Type
Ratings
Length
Year
Community
Subscriptions
Recent Discussions
Orange Saloon
Badges
Playlists
Quests
Create
Leaderboards
Showdown
Live 5
Trivia Bingo
Activity
Puzzle Library
Sporcle Events
Private Events
Virtual Trivia
Globe League
Become a Host
Pub Owners
SporcleCon
Opinionation
Our Games
Videos
Blog
Mobile Apps
Partnerships
Remove Ads and Go Orange
Feedback
Sports
Athletes
MLB
NBA
NHL
NFL
Soccer
Sports Teams
WWE
NCAA
Football
Premier League
Basketball
Baseball
Hockey
Golf
Tennis
Cricket
Rugby
Auto Racing
Olympics
World Cup
Sports
Athletes
MLB
NBA
NHL
NFL
Soccer
Sports Teams
WWE
NCAA
Football
Premier League
Basketball
Baseball
Hockey
Golf
Tennis
Cricket
Rugby
Auto Racing
Olympics
World Cup
Random Quiz
Search Sporcle
×
Quiz Lab
Quiz Lab
Sports
Premier League
Type in answers that appear in a list
Type in answers that appear in a list
Classic
Best Score? Go Orange.
Swindon Town: The Goals of Jan Åge Fjørtoft Stats
Can you name all the opponents that Jan Åge Fjørtoft scored against as a Swindon Town player?
By
loathedstrangers
10m
38 Questions
28 Plays
28 Plays
28 Plays
Comments
Comments
Give Quiz Kudos
Give Quiz Kudos
-
- Ratings
hide this ad
Replay
Link that replays current quiz
Next Quiz
Link to next quiz in quiz playlist
You Got
0%
They Got
Avg Score
84%
Avg Friend Score
Upgrade to see
Score Distribution
Jump to the score distribution portion of the page
Score
0/38
Timer
10:00
0
Plays Today
Date
Opposition
% Correct
19/
03/
1994
Manchester United
100%
18/
01/
1994
Ipswich Town
96.4%
05/
02/
1994
Coventry City
96.4%
05/
02/
1994
Coventry City
96.4%
05/
02/
1994
Coventry City
96.4%
19/
02/
1994
Norwich City
96.4%
19/
02/
1994
Norwich City
96.4%
16/
04/
1994
Ipswich Town
96.4%
30/
04/
1994
Queens Park Rangers
96.4%
22/
01/
1994
Tottenham Hotspur
92.9%
27/
12/
1994
Sheffield United
92.9%
08/
03/
1995
Bolton Wanderers
92.9%
26/
02/
1994
Manchester City
89.3%
05/
03/
1994
West Ham United
89.3%
27/
09/
1994
Charlton Athletic
89.3%
27/
09/
1994
Charlton Athletic
89.3%
27/
09/
1994
Charlton Athletic
89.3%
29/
10/
1994
Middlesbrough
89.3%
15/
01/
1995
Middlesbrough
89.3%
Date
Opposition
% Correct
19/
03/
1995
West Bromwich Albion
89.3%
26/
03/
1994
Blackburn Rovers
85.7%
15/
10/
1994
Portsmouth
85.7%
15/
10/
1994
Portsmouth
85.7%
09/
11/
1994
Brighton & Hove Albion
85.7%
09/
11/
1994
Brighton & Hove Albion
85.7%
11/
01/
1995
Millwall
85.7%
11/
09/
1994
Derby County
82.1%
30/
11/
1994
Derby County
82.1%
30/
11/
1994
Derby County
82.1%
14/
08/
1994
Port Vale
75%
03/
09/
1994
Notts County
75%
17/
12/
1994
Port Vale
75%
20/
08/
1994
Tranmere Rovers
64.3%
20/
08/
1994
Tranmere Rovers
64.3%
10/
12/
1994
Tranmere Rovers
64.3%
22/
10/
1994
Southend United
60.7%
22/
10/
1994
Southend United
60.7%
07/
01/
1995
Marlow
60.7%
Quiz Playlist
Details
Report
Send in Message
Add To Playlist
Classic:
Type in answers that appear in a list
Last Updated: Sep 3, 2021
Quiz Scoreboard
CHALLENGE
Sign Up to Join the Scoreboard
Show All
Scores
Hide
Comments
May contain spoilers
Recently Published
5x2 Blitz: Bands
by SL_Kpop136
Music
30s
Colored Red Africa Blitz
by spor1
Geography
30s
Find the 'City' Movie
by crazypaving
Movies
60s
More to Explore
Quiz From the Vault
Featured Blog Post
14 Easter Pick-up Lines to Find Eggs With
hide this ad
You Might Also Like...
Tags
Premier League Quiz
Soccer Quiz
EFL
Goal Scorers
Goalscoring
Goal Seasons
Goals Scored
League Goals
Season Goals
Swindon Town
Top Goalscorers
Today's Top Quizzes in Sports
Browse Sports
hide this ad
Today's Top Quizzes in Premier League
Browse Premier League
Top Contributed Quizzes in Sports
1
Players with Multiple 50 Home Run Seasons
2
Les entraîneurs de l'OM et du PSG au 21e siècle
3
Criteria MLB: Left Handed Sluggers
4
2022 World Cup Stars
5
Les meilleurs buteurs des matchs entre le PSG et l’OM
6
Who Hit More Homers?
7
Les joueurs passés par le PSG et l'OM
8
NBA Logic Puzzle 2.0
9
Top 10 NHL Goal Scorers of All Time
10
MLB Players with Two .350 Batting Average Seasons
Explore More
Trending Topics
Disney
Harry Potter
Marvel
Crossword
Kpop
NBA
Anime
NFL
WWE
Soccer
Puzzle
Pokémon
Song
Country
The Office
hide this ad
More By:
loathedstrangers
Quiz
Plays
Rating
Category
Featured
Created
Swindon Town: 100+ Appearances (2000-)
631
Sports
Oct 2, 2019
The EFL League One Winners
551
5.00
Sports
Feb 17, 2020
Swindon Town: Goalscorers (Ben Garner Era)
524
Sports
Aug 7, 2021
Swindon Town: Managers
509
Sports
Jul 13, 2019
Swindon Town: Player of the Season (1964-)
507
5.00
Sports
Jul 13, 2019
Go to Creator's Profile
Score Distribution
Quiz Creator Spotlight
loathedstrangers
Follow
Send a Message
Quizzes Created
-
Created Quiz Play Count
-
More By This Creator
Popular Quizzes Today
1
Colored Red Africa Blitz
2
Find the 'City' Movie
3
Find the US States - No Outlines Minefield
4
5x2 Blitz: Bands
5
The Countries of the World
6
Find the US States
7
US States
8
9x9 Crossword: Cartoon Network
More Sports Quizzes
2014 NBA All-Star Starters (clickable)
Quiz Lab
Trending Quizzes
Colored Red Europe Blitz I
Colored Red Europe Blitz II
Colored Red Africa Blitz II
Colored Red Europe Blitz III
Colored Red Africa Blitz III
Recently Updated
How Do You Spell That?
pecheneg
Godzilla Movies
pecheneg
Grab Bag: 4-10 Letters
pecheneg
2024 March Madness Bracket
pecheneg
Famous TV Couples
Peacemaker
Champions League XIs: Real Madrid
pecheneg
Largest US Cities 1790-2010
pecheneg
Rides in Walt Disney World
pecheneg
Most Oscar Losses (Acting)
pecheneg
Beyoncé Albums
pecheneg
Trending Topics
Anime
Marvel
Crossword
Disney
Harry Potter
NBA
Kpop
Pokémon
The Office
Soccer
Country
NFL
Puzzle
WWE
Song
Your Account Isn't Verified!
In order to create a playlist on Sporcle, you need to verify the email address you used during registration. Go to your
Sporcle Settings
to finish the process.
Report this User
Report this user for behavior that violates our
Community Guidelines
.
Details:
Send Report
Go to the Sporcle.com Mobile Site →
Comments